Directorio de clientes para exportar a los Estados Unidos /

Obra de consulta en que se organizan, de manera alfabética, las fichas de empresas en Estados Unidos, Canadá y Puerto Rico, que solicitan importar productos y servicios desde México, con el fin de que los exportadores mexicanos puedan hacerles llegar sus ofertas.

Guardado en:
Detalles Bibliográficos
Formato: Libro
Idioma:Español
Publicado: México : IBCON, 2001, c2001
Edición:15 edición
Temas:
Etiquetas: Agrega una etiqueta
Sin etiquetas, Sé el primero en etiquetar este registro!

MARC

LEADER 00000nam^a2200000^a^4500
001 000140806
005 20250521000000.0
009 20260310095554.188
020 |a 968-5097-48-8 
037 |a Acervo ITESO - Biblioteca 
041 |a ESP 
082 |a 382. 025  |b DIR 2001 
245 0 0 |a Directorio de clientes para exportar a los Estados Unidos / 
250 |a 15 edición  |b actualizada 
264 4 |a México :  |b IBCON,  |c 2001, c2001 
300 |a 547 p. 
336 |a texto  |b txt  |2 rdacontenido 
337 |a sin mediación  |b n  |2 rdamedio 
338 |a volumen  |b nc  |2 rdasoporte 
520 |a Obra de consulta en que se organizan, de manera alfabética, las fichas de empresas en Estados Unidos, Canadá y Puerto Rico, que solicitan importar productos y servicios desde México, con el fin de que los exportadores mexicanos puedan hacerles llegar sus ofertas. 
649 |a XX 
650 |a Importaciones -  |z EUA -  |x Directorios 
650 |a Importaciones -  |z Canadá -  |x Directorios 
650 |a Importaciones -  |z Puerto Rico -  |x Directorios 
650 |a Exportaciones -  |z México 
650 |a Comercio Exterior -  |z México 
650 |a Comercio Internacional -  |z México-EUA 
650 |a Comercio Internacional -  |z México-Canadá 
650 |a Comercio Internacional -  |z México-Puerto Rico 
650 |a Economía 
910 |a Fondo General 
920 |a Impresos - Libros 
930 |a Obras de Referencia 
905 |a 102 
901 |a 0500069683  |b IT2  |c REF  |u 20250521 
902 |a https://opac.biblio.iteso.mx/vufind/Record/000140806